000 03938nam0a2200433 4500
001 RU\NLR\BIBL_A\012849632
005 20230727160229.0
010 _a978-5-4338-0492-0
_940
021 _aRU
_bКН-П-22-028155
_9КН-П-22-2414
035 _a(NLR Aleph) 012849632
035 _a(RuMoRGB)011060264
090 _a12423167
_c12423167
100 _a20220719d2022 k y0rusy50 ca
101 0 _arus
102 _aRU
105 _aac z 100zy
181 0 _ai
_baxxe
182 0 _an
200 1 _aМатериалы VIII Межрегиональной научно-практической конференции "С чего начинается Родина?", г. Киров, 12 марта 2022 г.
_fДружба народов - единство России, [фестиваль национальных культур], Министерство культуры Кировской области, Управление по делам молодежи, физической культуре и спорту Администрации г. Кирова, Кировский колледж музыкального искусства имени И. В. Казенина
_gсоставитель и научный редактор: Н. И. Злыгостева, кандидат философских наук
203 _aТекст
_bвизуальный
_cнепосредственный
210 _aКиров
_cВеси
_d2022
215 _a151, [1] с.
_cил., портр.
_d21
320 _aБиблиогр. в конце докл.
330 _aB сборнике представлены материалы, подготовленные преподавателями, специалистами по работе с молодежью, представителями общественных организаций, студенчеством, учеными, посвященные 100-летию создания Союза Советских Социалистических Республик, раскрывающие актуальность гражданско-патриотического воспитания молодежи, проблему защиты традиционных российских духовно-нравственных ценностей, сохранения этнокультурной самобытности народов РФ, укрепления чувства сопричастности граждан к великой истории и культуре России
606 1 _aМолодежь
_xНравственное воспитание
_yРоссийская Федерация
_jСъезды, совещания и т.п
_2nlr_sh2
_3RU\NLR\AUTH\6601600996
606 1 _aМолодежь
_xПатриотическое воспитание
_yРоссийская Федерация
_jСъезды, совещания и т.п
_2nlr_sh2
_3RU\NLR\AUTH\661266290
675 _a3
675 _a37.03(082)
_v4
686 1 _aЧ313.52я431
686 1 _aЦ4,6(2)915я431
702 1 _aЗлыгостева
_bН. И.
_gНаталья Ильинична
_4220
_4340
711 1 2 _a"С чего начинается Родина?", межрегиональная научно-практическая конференция
_f2022
_eКиров
_3RU\NLR\AUTH\880569129
711 1 2 _a"Дружба народов - единство России", фестиваль национальных культур
_f2022
_eКиров
_3RU\NLR\AUTH\880569128
712 0 2 _aКировский областной колледж музыкального искусства им. И. В. Казенина
_3RU\NLR\AUTH\8810141899
_4570
942 _cBOOK
980 _aNB